000
00242nam a2200097Ia 4500
008
120527s9999 xx 000 0 und d
100
_a
GURAM and RENZETTI
245
_a
Social Problems Society in crisis
260
_b
Aly and Bacon
942
_c
BK
999
_c
25461
_d
25461